US States with the Ugliest Men - Statistics

General Stats
  • This quiz has been taken 264 times
  • The average score is 5 of 8
Answer Stats
# State with ugly men % Correct
7 New York
84%
8 Florida
72%
6 California
66%
4 New Jersey
63%
1 Rhode Island
46%
5 Maryland
44%
3 Connecticut
43%
2 Delaware
37%
No matching quizzes found
Score Distribution
Percent of People with Each Score
Percentile by Number Answered
Your Score History
You have not taken this quiz